00484nam a2200205Ia 4500008004100000020001400041050001400055100001900069245002000088245002600108245001900134260001500153260001600168260000900184300001400193300002700207300001000234440002600244500000800270170918s9999 xx 000 0 und d a590738712 bP855 1997 aPosner, Jackie aTaking flight : ba book about flight / cJackie Posner. aNew York : bScholastic, c1997 aunpaged : bcolored illustration ; c20cm. aThe magic school bus. a490